000 00335 a2200157 4500
001 56876
020 _a9788526271821
040 _cAnchieta - Pituba
100 _aGuasco, Luiz
240 1 0 _aA lenda de Narciso
_lpor
245 1 0 _aA lenda de Narciso
300 _a40
362 0 _a2008
650 4 _aLiteratura juvenil
942 _cBK
999 _c56876
_d56876